000 nam a22 7a 4500
999 _c16020
_d16020
008 161107b xxu||||| |||| 00| 0 eng d
020 _a0300092121
050 _aN 6921 .F7R32 2002
100 _aRandolph, Adrian W. B.
245 _aEngaging Symbols:
_bgender, politics, and public art in fifteenth-century Florence/
_cAdrian W. B. Randolph
260 _aNew Haven:
_bYale University Press,
_c2002
300 _ax, 381p. :
_bill. ;
_ccm
500 _aIncludes bibliographical references and index.
650 _aArt, Italian.
_xItaly.
_yFlorence.
_z15th century.
650 _aGender identity in art.
942 _2lcc
_cBOOKS
_hN 6921 .F7R32 2002